Karl Pilkington XFM Quiz - Statistics

General Stats
  • This quiz has been taken 383 times
  • The average score is 10 of 15
Answer Stats
Hint Answer % Correct
_____ News Monkey
92%
What do you never see an old man eating? Twix
91%
Songs of _____ Phrase
88%
Karl had the hair of a ______ Chinaman
87%
Karl's favorite film. The Elephant Man
86%
Karl's Auntie Nora had ____ for five minutes. Wind
86%
The age Karl went bald. 24
80%
What did Karl's neighbours have in the house? A Horse
72%
The ____ Clue during Rockbusters. Cryptic
66%
"No-one likes to pick on an _____" Invalid
59%
Where was Karl's old barbers located? Railway
53%
How much did Karl spend on his Bafta's outfit? £600
40%
Karl's best mate at school. Darren Buckley
28%
What feature only appeared twice? Cheap as Chimps
27%
The Computer Karl got for Christmas. ZX81
26%
No matching quizzes found
Score Distribution
Percent of People with Each Score
Percentile by Number Answered
Your Score History
You have not taken this quiz